[Event "13th Dubai open 2011"]
[Site "Dubai Chess club"]
[Date "2011.04.11"]
[Round "2"]
[Board "1"]
[White "Carlstedt, Jonathan"]
[Black "Fedorov, Alexei"]
[Result "1/2-1/2"]
[WhiteElo "2386"]
[BlackElo "2596"]
[PlyCount "104"]
[EventDate "2011.04.10"]
[EventRounds "9"]
[EventCountry "UAE"]

1.c4 g6 2.g3 Bg7 3.Bg2 Nf6 4.Nc3 d6 5.e4 c5 6.Nge2 Nc6 7.a3 Bg4 8.f3 Bd7 9.Rb1
a6 10.b4 cxb4 11.axb4 b5 12.cxb5 axb5 13.O-O Qb6+ 14.Kh1 O-O 15.d4 Qb7 16.f4 e5
17.fxe5 dxe5 18.d5 Nd4 19.Nxd4 exd4 20.Qxd4 Nxe4 21.Qxe4 Bxc3 22.Bh6 Bg7 23.Bxg7
Kxg7 24.Rbc1 Qb6 25.Qe5+ f6 26.Qe7+ Rf7 27.Qc5 Ra6 28.Rfe1 Bf5 29.Kg1 Bd7 30.Ra1
Rxa1 31.Rxa1 Qd8 32.d6 Qe8 33.Kf2 Qe6 34.Re1 Qg4 35.h3 Qg5 36.Qd5 f5 37.Qe5+ Qf6
38.Bd5 Rf8 39.Qe7+ Kh6 40.Kg2 f4 41.Qxf6 Rxf6 42.gxf4 Rxd6 43.Re5 Kg7 44.h4 Kf6
45.Kf2 Ra6 46.h5 Ra4 47.hxg6 hxg6 48.Re4 Bf5 49.Rd4 g5 50.fxg5+ Ke5 51.Rd2 Rxb4
52.Bf7 Rf4+ {Game finished at move 62.}

[Event "13th Dubai open 2011"]
[Site "Dubai Chess club"]
[Date "2011.04.11"]
[Round "2"]
[Board "1"]
[White "Guseinov, Gadir"]
[Black "Nitin, S"]
[Result "1/2-1/2"]
[WhiteElo "2584"]
[BlackElo "2365"]
[PlyCount "102"]
[EventDate "2011.04.10"]
[EventRounds "9"]
[EventCountry "UAE"]

1.e4 c5 2.Nc3 a6 3.Nf3 d6 4.d4 cxd4 5.Nxd4 e6 6.g3 Bd7 7.Bg2 Nc6 8.O-O Be7 9.Nb3
Nf6 10.f4 Qc7 11.Be3 Rc8 12.Kh1 b5 13.a3 Rd8 14.g4 h6 15.Qf3 Rh7 16.h3 g5 17.e5
dxe5 18.fxg5 hxg5 19.Rad1 e4 20.Nxe4 Ne5 21.Qxf6 Bc6 22.Qxe7+ Qxe7 23.Bc5 Rxd1
24.Rxd1 Rxh3+ 25.Kg1 Bxe4 26.Bxe7 Rg3 27.Bf6 Rxg2+ 28.Kf1 Nd7 29.Nc5 Nxf6
30.Nxe4 Nxg4 31.Nf6+ Nxf6 32.Kxg2 Nd5 33.Kf2 f5 34.b3 Ke7 35.c4 bxc4 36.bxc4 Nc3
37.Rh1 Ne4+ 38.Ke3 Kd6 39.Rh8 Ke5 40.Rc8 g4 41.c5 f4+ 42.Kd3 g3 43.Ke2 g2 44.Rg8
Nxc5 45.Kf3 Nd3 46.Kxg2 Ke4 47.Rg6 f3+ 48.Kf1 e5 49.Rxa6 Ke3 50.Re6 e4 51.Re8
Nc5

[Event "13th Dubai open 2011"]
[Site "Dubai Chess club"]
[Date "2011.04.11"]
[Round "2"]
[Board "1"]
[White "Gupta, Abhijeet"]
[Black "Atabayev, Maksat"]
[Result "1/2-1/2"]
[WhiteElo "2580"]
[BlackElo "2355"]
[PlyCount "81"]
[EventDate "2011.04.10"]
[EventRounds "9"]
[EventCountry "UAE"]

1.d4 Nf6 2.c4 g6 3.Nc3 Bg7 4.e4 d6 5.f3 O-O 6.Nge2 c5 7.d5 e6 8.Ng3 exd5 9.cxd5
Nbd7 10.Be2 h5 11.Bg5 Qb6 12.Qd2 Nh7 13.Bh4 c4 14.Bxc4 Ne5 15.Be2 Bd7 16.f4 Ng4
17.Bxg4 hxg4 18.Nge2 Nf6 19.Bf2 Qb4 20.Ng3 Qc4 21.Qe2 Qxe2+ 22.Kxe2 b5 23.a3 a5
24.e5 dxe5 25.fxe5 Rfe8 26.Bd4 Nh5 27.Nxh5 Bxe5 28.Bxe5 Rxe5+ 29.Kf2 Rxh5
30.Rhe1 Kf8 31.Rad1 b4 32.Ne4 bxa3 33.bxa3 Rc8 34.Kg1 Re5 35.Nf6 Rxe1+ 36.Rxe1
Bf5 37.h4 gxh3 38.g4 Kg7 39.Ne8+ Kf8 40.Nf6 Kg7 41.Ne8+

[Event "13th Dubai open 2011"]
[Site "Dubai Chess club"]
[Date "2011.04.11"]
[Round "2"]
[Board "1"]
[White "Zozulia, Anna"]
[Black "Mamedov, Nidjat"]
[Result "0-1"]
[WhiteElo "2369"]
[BlackElo "2580"]
[PlyCount "113"]
[EventDate "2011.04.10"]
[EventRounds "9"]
[EventCountry "UAE"]

1.e4 c5 2.Nf3 e6 3.d4 cxd4 4.Nxd4 a6 5.Bd3 Bc5 6.Nb3 Be7 7.O-O d6 8.f4 Nd7 9.Qf3
Ngf6 10.Nc3 Qc7 11.Bd2 b6 12.Rae1 Bb7 13.Kh1 g6 14.Nd1 O-O 15.Qh3 Rfe8 16.Nf2
Bf8 17.Ng4 Nxg4 18.Qxg4 Bg7 19.c3 Rad8 20.Qh4 Nc5 21.Bb1 Nxb3 22.axb3 d5 23.f5
dxe4 24.fxg6 hxg6 25.Bg5 Rd7 26.Bxe4 Bxe4 27.Rxe4 Qc6 28.h3 Rd5 29.Bf6 Rh5
30.Qg4 e5 31.Rc4 Qb5 32.Qe4 Qxb3 33.Bxg7 Kxg7 34.Rxf7+ Kxf7 35.Qd5+ Kf8 36.Qd6+
Kg7 37.Rc7+ Qf7 38.Rxf7+ Kxf7 39.Qd5+ Re6 40.g4 Rxh3+ 41.Kg2 Rh8 42.Kf3 a5
43.Ke4 Rhe8 44.g5 R8e7 45.Qd8 Kg7 46.Qd5 Kh7 47.Qd8 Rf7 48.Qc8 Ree7 49.Qh3+ Kg8
50.Qc8+ Kg7 51.Qh3 Kg8 52.Qc8+ Kg7 53.Qc6 Rd7 54.Ke3 Kh7 55.Qxb6 Rf8 56.Qxa5 e4
57.Qa2

[Event "13th Dubai open 2011"]
[Site "Dubai Chess club"]
[Date "2011.04.11"]
[Round "2"]
[Board "1"]
[White "Halkias, Stelios"]
[Black "Sai, Krishna"]
[Result "1-0"]
[WhiteElo "2579"]
[BlackElo "2349"]
[PlyCount "111"]
[EventDate "2011.04.10"]
[EventRounds "9"]
[EventCountry "UAE"]

1.d4 d5 2.c4 e6 3.Nf3 Be7 4.g3 Nf6 5.Bg2 O-O 6.O-O Nbd7 7.Qc2 c6 8.Bf4 b6 9.Nc3
Bb7 10.Rad1 Rc8 11.Ne5 Nh5 12.Bc1 f5 13.Qa4 Nxe5 14.dxe5 Qc7 15.cxd5 exd5 16.Be3
g6 17.Qxa7 Bd8 18.Qa4 Qxe5 19.Qb3 f4 20.Bxb6 Bxb6 21.Qxb6 Rb8 22.Qd4 Qe7 23.Rfe1
Qg5 24.e4 fxg3 25.hxg3 Nf6 26.exd5 Nxd5 27.Nxd5 cxd5 28.b3 Rbd8 29.Bh3 Bc8
30.Bxc8 Rxc8 31.Re5 Qh6 32.Qxd5+ Kh8 33.Qd4 Kg8 34.Rc5 Rce8 35.Rc7 Rf5 36.Qc4+
Kh8 37.Rc8 Ref8 38.Rdd8 Qg7 39.Rxf8+ Rxf8 40.Qc3 Qxc3 41.Rxc3 Ra8 42.Rc2 Kg7
43.f4 Kf6 44.Kf2 h5 45.Kf3 Kf5 46.a4 Rb8 47.Rc5+ Kf6 48.Rb5 Rc8 49.a5 Rc3+
50.Kg2 Rc2+ 51.Kh3 Ra2 52.b4 Ke6 53.Rc5 Ra4 54.Rb5 Ra2 55.Rb6+ Kf5 56.a6

[Event "13th Dubai open 2011"]
[Site "Dubai Chess club"]
[Date "2011.04.11"]
[Round "2"]
[Board "1"]
[White "Udeshi, Aditya"]
[Black "Arutinian, David"]
[Result "1/2-1/2"]
[WhiteElo "2362"]
[BlackElo "2575"]
[PlyCount "77"]
[EventDate "2011.04.10"]
[EventRounds "9"]
[EventCountry "UAE"]

1.e4 c6 2.d4 d5 3.e5 Bf5 4.Be3 e6 5.Nd2 Nd7 6.Be2 Ne7 7.Ngf3 Qb6 8.O-O Qxb2
9.Rb1 Qxa2 10.Rxb7 Bxc2 11.Qc1 Rb8 12.Rxb8+ Nxb8 13.Ne1 Bg6 14.Nd3 Nc8 15.Qc3
Qa3 16.Nb3 Qe7 17.Ndc5 Qc7 18.Na6 Nxa6 19.Bxa6 Be7 20.Rc1 O-O 21.Qxc6 Qxc6
22.Rxc6 Nb6 23.Rc7 Bb4 24.Rxa7 Nc4 25.Nc5 Nxe3 26.fxe3 Rb8 27.Nd7 Rd8 28.Kf2 h6
29.Rc7 Ra8 30.Rc8+ Rxc8 31.Bxc8 Bc2 32.Ke2 Ba4 33.Kf2 Bb5 34.Kf3 Be1 35.Nc5 Kf8
36.Ba6 Be8 37.Nd3 Ba5 38.Nf4 Ke7 39.Nh5 {Game finisehd at move 128!}

[Event "13th Dubai open 2011"]
[Site "Dubai Chess club"]
[Date "2011.04.11"]
[Round "2"]
[Board "1"]
[White "Ter-Sahakyan, Samvel"]
[Black "Alhuwar, Jasem"]
[Result "1-0"]
[WhiteElo "2575"]
[BlackElo "2334"]
[PlyCount "81"]
[EventDate "2011.04.10"]
[EventRounds "9"]
[EventCountry "UAE"]

1.e4 d6 2.d4 g6 3.Nc3 Bg7 4.Be3 c6 5.Qd2 b5 6.f3 Nd7 7.h4 h5 8.Nh3 Nb6 9.Ng5 Nc4
10.Bxc4 bxc4 11.Qe2 d5 12.O-O-O Rb8 13.Bf4 Rb7 14.e5 e6 15.g4 Bf8 16.Qe3 Qb6
17.b3 Qa5 18.bxc4 Bb4 19.Kd2 Qxa2 20.c5 Qc4 21.Qd3 Qxd3+ 22.Kxd3 Nh6 23.Rhg1 Ba5
24.Ra1 Bc7 25.Nh3 hxg4 26.fxg4 Ng8 27.Bg5 Bd8 28.Nf4 Rh7 29.Nce2 Bc7 30.Ke3 a5
31.Nc3 Ra7 32.Na4 Ba6 33.Nb6 Bb5 34.Nc8 Ra8 35.Nd6+ Kd7 36.Rgb1 Ba6 37.Ng2 Ne7
38.Ne1 Nc8 39.Nf3 Na7 40.Bf6 Nb5 41.Rh1

[Event "13th Dubai open 2011"]
[Site "Dubai Chess club"]
[Date "2011.04.11"]
[Round "2"]
[Board "1"]
[White "Vishnu, Prasanna  V"]
[Black "Minasian, Artashes"]
[Result "0-1"]
[WhiteElo "2358"]
[BlackElo "2558"]
[PlyCount "50"]
[EventDate "2011.04.10"]
[EventRounds "9"]
[EventCountry "UAE"]

1.e4 g6 2.d4 Bg7 3.Nc3 d6 4.f4 a6 5.Nf3 b5 6.Bd3 Bb7 7.e5 c5 8.Be3 cxd4 9.Bxd4
dxe5 10.Bxe5 Nf6 11.Be4 Qxd1+ 12.Rxd1 Nxe4 13.Bxg7 Rg8 14.Bd4 Nxc3 15.Bxc3 Bxf3
16.gxf3 Nc6 17.a3 f6 18.Kf2 Kf7 19.Rd5 Rgd8 20.Rc5 Rac8 21.h4 h5 22.f5 gxf5
23.Rxf5 e5 24.Rg1 Rg8 25.Rgg5 Ne7

[Event "13th Dubai open 2011"]
[Site "Dubai Chess club"]
[Date "2011.04.11"]
[Round "2"]
[Board "1"]
[White "Koohestani, Sh"]
[Black "Simantsev, Mikhail"]
[Result "1-0"]
[WhiteElo "2345"]
[BlackElo "2556"]
[PlyCount "71"]
[EventDate "2011.04.10"]
[EventRounds "9"]
[EventCountry "UAE"]

1.d4 Nf6 2.c4 e6 3.Nf3 c5 4.d5 exd5 5.cxd5 d6 6.Nc3 g6 7.h3 Bg7 8.e4 O-O 9.Bd3
a6 10.a4 Nbd7 11.O-O Nh5 12.Bg5 Bf6 13.Be3 Ne5 14.Nxe5 Bxe5 15.f4 Bg7 16.Qf3 Re8
17.Rae1 Nf6 18.e5 dxe5 19.Bxc5 Nd7 20.Ba3 f5 21.d6 e4 22.Bc4+ Kh8 23.Qg3 Nf6
24.Qe3 Be6 25.Bxe6 Rxe6 26.Rd1 Qd7 27.Rd2 Rc8 28.Rfd1 Ree8 29.Kh1 Rc4 30.a5 h6
31.Kg1 Kh7 32.Kh1 Rec8 33.Nd5 Nxd5 34.Rxd5 Bf6 35.Kh2 Rc2 36.R1d2 {Game finished
at move 74!}

[Event "13th Dubai open 2011"]
[Site "Dubai Chess club"]
[Date "2011.04.11"]
[Round "2"]
[Board "1"]
[White "Malakhatko, Vadim"]
[Black "Atabayev, Yusup"]
[Result "0-1"]
[WhiteElo "2546"]
[BlackElo "2319"]
[PlyCount "78"]
[EventDate "2011.04.10"]
[EventRounds "9"]
[EventCountry "UAE"]

1.d4 Nf6 2.c4 c5 3.d5 e6 4.Nc3 exd5 5.cxd5 Bd6 6.Nf3 Bc7 7.d6 Ba5 8.Bg5 Qb6
9.Bxf6 Qxb2 10.Bxg7 Rg8 11.Rb1 Bxc3+ 12.Bxc3 Qxc3+ 13.Nd2 Qd4 14.Qc2 Rg6 15.Nc4
Nc6 16.e3 Qf6 17.g3 Nb4 18.Qe4+ Qe6 19.Bg2 Nxa2 20.Qc2 Nb4 21.Qc3 Qf6 22.Qd2 Rb8
23.f4 b6 24.Rd1 Ba6 25.Ne5 Qe6 26.Kf2 Rg7 27.Ra1 f6 28.Rxa6 Nxa6 29.Bd5 Qh3
30.Nf3 Nb4 31.Bb3 Kf8 32.Qc3 Qh6 33.e4 Re8 34.Re1 Nc6 35.Bd5 Nd4 36.h4 Qg6
37.Nxd4 cxd4 38.Qf3 Rc8 39.h5 Rc2+

[Event "13th Dubai open 2011"]
[Site "Dubai Chess club"]
[Date "2011.04.11"]
[Round "2"]
[Board "1"]
[White "Salem A R, Saleh"]
[Black "Daulyte, Deimante"]
[Result "1-0"]
[WhiteElo "2511"]
[BlackElo "2293"]
[PlyCount "102"]
[EventDate "2011.04.10"]
[EventRounds "9"]
[EventCountry "UAE"]

1.d4 Nf6 2.c4 g6 3.Nc3 d5 4.cxd5 Nxd5 5.e4 Nxc3 6.bxc3 Bg7 7.Be3 c5 8.Qd2 Qa5
9.Rb1 a6 10.Nf3 Nc6 11.Rc1 f5 12.e5 f4 13.Bxf4 Bg4 14.Be2 Rd8 15.Ng5 Bxe2
16.Qxe2 Rf8 17.Bd2 cxd4 18.Ne6 d3 19.Qe3 Bxe5 20.O-O Rd7 21.Nxf8 Kxf8 22.Qh3 Rd6
23.Qxh7 Qxa2 24.Rcd1 Qc4 25.Kh1 b5 26.Rc1 Qa2 27.f4 Bf6 28.Rcd1 Qf7 29.Qh3 Qe6
30.Qxe6 Rxe6 31.Rf3 Rd6 32.Be1 a5 33.g4 a4 34.g5 Bg7 35.Kg2 a3 36.f5 a2 37.Rf2
d2 38.Bxd2 gxf5 39.Ra1 Nb4 40.Be1 e6 41.Rb2 Nd3 42.Rbxa2 Nxe1+ 43.Rxe1 Bxc3
44.Rb1 b4 45.Ra7 Rd4 46.h3 Kg8 47.Rb7 Kf8 48.Rh1 e5 49.Rf1 f4 50.Kf3 Rd3+ 51.Kg4
Rg3+

[Event "13th Dubai open 2011"]
[Site "Dubai Chess club"]
[Date "2011.04.11"]
[Round "2"]
[Board "1"]
[White "Guliev, Sarhan"]
[Black "Esenov, Annaberdi"]
[Result "1-0"]
[WhiteElo "2497"]
[BlackElo "2283"]
[PlyCount "49"]
[EventDate "2011.04.10"]
[EventRounds "9"]
[EventCountry "UAE"]

1.d4 Nf6 2.Nf3 g6 3.c4 Bg7 4.g3 O-O 5.Bg2 d6 6.O-O Nbd7 7.Nc3 e5 8.Qc2 Re8 9.Rd1
a5 10.dxe5 dxe5 11.Nb5 Ra6 12.h3 h6 13.Be3 Ree6 14.a3 Ne8 15.c5 Qe7 16.b4 c6
17.Nc3 Nc7 18.Nd2 Nf6 19.Nc4 axb4 20.axb4 Nfd5 21.Nxd5 cxd5 22.Rxa6 Rxa6 23.Nd6
Bd7 24.Qc1 e4 25.Qd2

[Event "13th Dubai open 2011"]
[Site "Dubai Chess club"]
[Date "2011.04.11"]
[Round "2"]
[Board "1"]
[White "Narayanan, Srinath"]
[Black "Carlsson, Pontus"]
[Result "1-0"]
[WhiteElo "2310"]
[BlackElo "2496"]
[PlyCount "126"]
[EventDate "2011.04.10"]
[EventRounds "9"]
[EventCountry "UAE"]

1.e4 c6 2.d4 d5 3.Nc3 dxe4 4.Nxe4 Bf5 5.Ng3 Bg6 6.h4 h6 7.Nf3 Nd7 8.h5 Bh7 9.Bd3
Bxd3 10.Qxd3 e6 11.Bd2 Ngf6 12.O-O-O Be7 13.Kb1 O-O 14.Ne4 Nxe4 15.Qxe4 Nf6
16.Qe2 Qd5 17.Be3 Rfd8 18.Ne5 c5 19.f3 Qd6 20.c4 Qb6 21.Qf2 cxd4 22.Bxd4 Qc7
23.Qe2 Bc5 24.Bc3 Rxd1+ 25.Rxd1 Rd8 26.Rxd8+ Qxd8 27.g4 Qc7 28.f4 Bd6 29.a3 a6
30.Qd3 Bxe5 31.Bxe5 Qd7 32.Qe2 Qc6 33.Bxf6 gxf6 34.b3 Qd6 35.Qf3 b6 36.a4 Kg7
37.Kc2 Qd4 38.Qg3 Qe4+ 39.Kc3 e5 40.fxe5 fxe5 41.Qg1 Qf3+ 42.Kc2 Qe2+ 43.Kc3
Qf3+ 44.Kc2 e4 45.Qd4+ Kh7 46.Qd7 Qe2+ 47.Kc3 Qe1+ 48.Kc2 Qe2+ 49.Kc3 Qe3+
50.Kc2 Kg7 51.Qd2 Qg1 52.Qf4 Qd4 53.Qd2 Qg1 54.Qf4 Qg2+ 55.Kc3 Qh3+ 56.Kb2 Qg2+
57.Kc3 Qh3+ 58.Kb2 Qf3 59.Qe5+ Qf6 60.Qxf6+ Kxf6 61.a5 bxa5 62.c5 Ke5 63.g5 e3

[Event "13th Dubai open 2011"]
[Site "Dubai Chess club"]
[Date "2011.04.11"]
[Round "2"]
[Board "1"]
[White "Lalith, Babu M R"]
[Black "Cherednichenko, Svetlana"]
[Result "1-0"]
[WhiteElo "2491"]
[BlackElo "2278"]
[PlyCount "95"]
[EventDate "2011.04.10"]
[EventRounds "9"]
[EventCountry "UAE"]

1.d4 Nf6 2.c4 g6 3.Nc3 Bg7 4.e4 d6 5.Nf3 O-O 6.Be2 e5 7.O-O Nc6 8.d5 Ne7 9.b4
Nh5 10.Re1 a5 11.bxa5 f5 12.Nd2 Nf4 13.Bf1 c5 14.a4 Rxa5 15.Nb5 Ra6 16.Ra3 fxe4
17.Nxe4 h5 18.h4 Bf5 19.Ng5 Bf6 20.Bxf4 exf4 21.Qd2 Bc8 22.Re4 Nf5 23.Rxf4 Nxh4
24.Ne4 Nf5 25.Nxf6+ Qxf6 26.Rff3 Bd7 27.Bd3 Kh7 28.Bxf5 Bxf5 29.a5 Rf7 30.Rfe3
Ra8 31.Qe1 Ra6 32.Rf3 Qh4 33.Qc1 Re7 34.Rfe3 Rf7 35.Qf1 Qf6 36.Qe2 Ra8 37.Qd2
Ra6 38.Rf3 Re7 39.Rae3 Rf7 40.Re6 Qa1+ 41.Re1 Qf6 42.Rfe3 Qh4 43.Re8 Qf6 44.Rb8
Bd7 45.Rxb7 Qh4 46.Nc7 Rxa5 47.Ne6 Re7 48.Rxd7

[Event "13th Dubai open 2011"]
[Site "Dubai Chess club"]
[Date "2011.04.11"]
[Round "2"]
[Board "1"]
[White "Mansour, Sameer"]
[Black "Al-Sayed,  Mohammed"]
[Result "1-0"]
[WhiteElo "2301"]
[BlackElo "2485"]
[PlyCount "85"]
[EventDate "2011.04.10"]
[EventRounds "9"]
[EventCountry "UAE"]

1.d4 d5 2.Nf3 Nf6 3.c4 c6 4.e3 Bg4 5.Qb3 Qb6 6.Nc3 e6 7.Bd3 Nbd7 8.Qxb6 axb6
9.e4 Bb4 10.cxd5 exd5 11.e5 Ne4 12.Bd2 Bxc3 13.Bxc3 Nxc3 14.bxc3 Ra3 15.Kd2 Ke7
16.Rhb1 Rha8 17.Rb2 Bxf3 18.gxf3 g6 19.f4 f5 20.Bc2 b5 21.Bb3 Nf8 22.Rg1 Ne6
23.Ke3 b4 24.cxb4 R8a4 25.Rd2 Rxb4 26.Rd3 c5 27.dxc5 Nxf4 28.Rd2 Re4+ 29.Kf3 Ke6
30.Rgd1 Kxe5 31.Rxd5+ Nxd5 32.Rxd5+ Kf6 33.Rd6+ Kg5 34.Rd7 Ra5 35.Rxb7 Rxc5
36.Rxh7 Rce5 37.h3 Rd4 38.Kg3 Rd3+ 39.Kg2 Rd2 40.Kf3 Re4 41.Kg3 Rd3+ 42.Kg2 Rf4
43.Rc7

[Event "13th Dubai open 2011"]
[Site "Dubai Chess club"]
[Date "2011.04.11"]
[Round "2"]
[Board "1"]
[White "Nemcova, Katerina"]
[Black "Petrosian, Davit G"]
[Result "0-1"]
[WhiteElo "2289"]
[BlackElo "2480"]
[PlyCount "104"]
[EventDate "2011.04.10"]
[EventRounds "9"]
[EventCountry "UAE"]

1.e4 e6 2.d4 d5 3.Nc3 Bb4 4.e5 c5 5.a3 Bxc3+ 6.bxc3 Ne7 7.h4 Bd7 8.h5 Qa5 9.Bd2
Nbc6 10.h6 gxh6 11.Rb1 Qc7 12.Nf3 Ng8 13.Rb5 c4 14.Qb1 O-O-O 15.Bf4 a6 16.Rb6
Na7 17.Rb4 b5 18.Rh3 f5 19.Rh4 Be8 20.Nd2 h5 21.a4 Ne7 22.Bg5 Rg8 23.Bf6 Rd7
24.axb5 axb5 25.Qa1 Nec6 26.Rb2 Qb6 27.Bxc4 dxc4 28.Nxc4 Qc7 29.Qa6+ Kb8 30.Nd6
Qa5 31.Qxa5 Nxa5 32.d5 exd5 33.Rd4 Nc4 34.Nxc4 dxc4 35.Rxc4 Bf7 36.Rf4 Rxg2
37.c4 b4 38.Rxb4+ Kc7 39.c5 Nc6 40.Ra4 Rg1+ 41.Ke2 Rc1 42.Rxf5 Nd4+ 43.Kd2 Rxc2+
44.Kd1 Bb3 45.Ra7+ Kc6 46.Rxd7 Kxd7 47.Rxh5 Re2+ 48.Kc1 Rc2+ 49.Kd1 Rxf2+ 50.Ke1
Re2+ 51.Kf1 Bc4 52.Rh1 Ke6

[Event "13th Dubai open 2011"]
[Site "Dubai Chess club"]
[Date "2011.04.11"]
[Round "2"]
[Board "1"]
[White "Harutjunyan, Gevorg"]
[Black "Mirzoeva, Elmira"]
[Result "1/2-1/2"]
[WhiteElo "2468"]
[BlackElo "2272"]
[PlyCount "88"]
[EventDate "2011.04.10"]
[EventRounds "9"]
[EventCountry "UAE"]

1.e4 c6 2.d4 d5 3.e5 Bf5 4.Nd2 e6 5.Nb3 Ne7 6.Nf3 Nc8 7.Be2 Be7 8.O-O Nd7 9.Bd2
O-O 10.a4 a6 11.h3 Qc7 12.Bd3 Bg6 13.Qe2 c5 14.Bxg6 hxg6 15.dxc5 Nxc5 16.Rfc1
Nxb3 17.cxb3 Qd7 18.Ba5 Bd8 19.Bxd8 Rxd8 20.Ng5 Ne7 21.g4 Nc6 22.f4 Rac8 23.Qe1
Nd4 24.Rxc8 Qxc8 25.Qh4 Qc2 26.Rf1 Ne2+ 27.Kh2 Rc8 28.f5 exf5 29.gxf5 Nd4+
30.Rf2 Qxf2+ 31.Qxf2 Rc2 32.Qxc2 Nxc2 33.fxg6 fxg6 34.Kg3 Nd4 35.Kf4 Kf8 36.e6
Nc6 37.b4 b5 38.axb5 axb5 39.Nf3 Ke7 40.Ng5 Kf6 41.b3 Nxb4 42.e7 Kxe7 43.Ke5 Kd7
44.h4 Kc6

[Event "13th Dubai open 2011"]
[Site "Dubai Chess club"]
[Date "2011.04.11"]
[Round "2"]
[Board "1"]
[White "Fenil, Shah"]
[Black "Guliev, Logman"]
[Result "1/2-1/2"]
[WhiteElo "2282"]
[BlackElo "2468"]
[PlyCount "121"]
[EventDate "2011.04.10"]
[EventRounds "9"]
[EventCountry "UAE"]

1.e4 c5 2.c3 Nf6 3.e5 Nd5 4.d4 cxd4 5.Nf3 e6 6.cxd4 d6 7.a3 Bd7 8.Bd3 Bc6 9.O-O
Nd7 10.b4 a6 11.Nbd2 Be7 12.Ne4 Qc7 13.Bb2 Nf4 14.Bc2 Nb6 15.Qd2 Ng6 16.Bd3 O-O
17.Rac1 Rfd8 18.Rfd1 Qd7 19.Qe1 Rac8 20.exd6 Bxd6 21.Ne5 Bxe5 22.dxe5 Bxe4
23.Bxe4 Rxc1 24.Rxc1 Nf4 25.Rc2 Nd3 26.Qf1 Nxb2 27.Rxb2 Qd4 28.Re2 Rd7 29.Bf3 g6
30.g3 Qc3 31.Re3 Qc2 32.Re2 Qd3 33.Re3 Qxf1+ 34.Kxf1 Nc4 35.Rc3 Nxe5 36.Bg2 Kg7
37.Ke2 b5 38.a4 bxa4 39.Ra3 Rc7 40.Rxa4 Rc2+ 41.Kf1 Nd3 42.Be4 Rxf2+ 43.Kg1 Rd2
44.Bxd3 Rxd3 45.Rxa6 Rb3 46.Rb6 Rb2 47.Rb7 h5 48.h4 Kf6 49.b5 e5 50.b6 Ke6
51.Kf1 f6 52.Rb8 Kf5 53.b7 Kg4 54.Rg8 Rxb7 55.Rxg6+ Kf5 56.Rh6 Rb2 57.Rxh5+ Kg4
58.Rh6 f5 59.Rf6 Rb3 60.h5 Rxg3 61.Kf2

[Event "13th Dubai open 2011"]
[Site "Dubai Chess club"]
[Date "2011.04.11"]
[Round "2"]
[Board "1"]
[White "Abbasifar, Hasan"]
[Black "Ghader Pour,  Shayesteh"]
[Result "1-0"]
[WhiteElo "2467"]
[BlackElo "2241"]
[PlyCount "77"]
[EventDate "2011.04.10"]
[EventRounds "9"]
[EventCountry "UAE"]

1.e4 c5 2.Nf3 e6 3.d4 cxd4 4.Nxd4 a6 5.Bd3 Bc5 6.Nb3 Ba7 7.Qf3 Nc6 8.O-O d6
9.Nc3 Nge7 10.Qg3 O-O 11.Bf4 Rb8 12.Rad1 Ng6 13.Bg5 Qe8 14.Be3 b5 15.f4 Rb7
16.Bxa7 Rxa7 17.f5 Nge5 18.f6 g6 19.Rf4 Qd8 20.Rdf1 Nd7 21.Qg5 Nce5 22.Rh4 Re8
23.Ne2 Nxd3 24.cxd3 e5 25.Nc3 Bb7 26.Nd5 Bxd5 27.exd5 e4 28.Rxe4 Rxe4 29.dxe4
Ne5 30.Nd4 Rc7 31.Nf5 Qf8 32.h3 Kh8 33.Nxd6 Nc4 34.Nxc4 Rxc4 35.e5 h6 36.Qe3 Kh7
37.e6 Qe8 38.Qa7 Re4 39.Qxf7+

[Event "13th Dubai open 2011"]
[Site "Dubai Chess club"]
[Date "2011.04.11"]
[Round "2"]
[Board "1"]
[White "Hrabinska, Myroslava"]
[Black "Huschenbeth, Niclas"]
[Result "0-1"]
[WhiteElo "2278"]
[BlackElo "2465"]
[PlyCount "44"]
[EventDate "2011.04.10"]
[EventRounds "9"]
[EventCountry "UAE"]

1.e4 c5 2.b4 cxb4 3.a3 d5 4.exd5 Qxd5 5.Nf3 e5 6.Bb2 Nc6 7.c4 Qe6 8.Bd3 Nf6
9.O-O Qd6 10.Qc2 Bg4 11.Ng5 Rd8 12.Be4 h6 13.Nf3 Nxe4 14.Qxe4 Bxf3 15.Qxf3 Qd3
16.Re1 Qxf3 17.gxf3 f6 18.f4 bxa3 19.Bc3 Bc5 20.fxe5 fxe5 21.Bxe5 O-O 22.Bg3 Nd4

[Event "13th Dubai open 2011"]
[Site "Dubai Chess club"]
[Date "2011.04.11"]
[Round "2"]
[Board "1"]
[White "Kayumov, Dmitry D"]
[Black "Surendran, N"]
[Result "1-0"]
[WhiteElo "2463"]
[BlackElo "2146"]
[PlyCount "111"]
[EventDate "2011.04.10"]
[EventRounds "9"]
[EventCountry "UAE"]

1.e4 c5 2.Nf3 d6 3.d4 cxd4 4.Nxd4 Nf6 5.Nc3 a6 6.Be2 e5 7.Nb3 Be7 8.O-O O-O
9.Re1 Be6 10.Bf3 Nbd7 11.a4 Qc7 12.a5 b5 13.axb6 Nxb6 14.Na5 Rfd8 15.Nd5 Nfxd5
16.exd5 Bd7 17.b3 f5 18.c4 Bf6 19.Ra2 e4 20.Be2 Na4 21.bxa4 Qxa5 22.Bd2 Qc5
23.Be3 Qa5 24.Qc1 Rdc8 25.Rd1 Rab8 26.Qa3 Qb4 27.a5 Qxa3 28.Rxa3 Rb4 29.g3 Ba4
30.Rd2 Rcxc4 31.Bxc4 Rxc4 32.Bf4 Bc3 33.Rda2 Bb5 34.Rc2 Rd4 35.h4 Bb4 36.Rb3
Bxa5 37.Bxd6 Rxd5 38.Bc7 Bd3 39.Rc6 Bb5 40.Rc1 Bd2 41.Rc2 Ba4 42.Rb8+ Kf7 43.Ra2
Bb5 44.Rd8 Rxd8 45.Bxd8 Bb4 46.Ba5 Bd6 47.Rc2 f4 48.Bc7 Ke6 49.Bxd6 Kxd6 50.gxf4
a5 51.Rc3 a4 52.Kg2 Bc6 53.Kg3 h5 54.f5 Bd7 55.Kf4 Bc6 56.Rg3

[Event "13th Dubai open 2011"]
[Site "Dubai Chess club"]
[Date "2011.04.11"]
[Round "2"]
[Board "1"]
[White "Hilwani, Talal"]
[Black "Grigoryan, Karen H"]
[Result "0-1"]
[WhiteElo "2272"]
[BlackElo "2463"]
[PlyCount "68"]
[EventDate "2011.04.10"]
[EventRounds "9"]
[EventCountry "UAE"]

1.c4 Nf6 2.g3 c6 3.Nf3 d5 4.Bg2 Bf5 5.cxd5 cxd5 6.Qb3 Qc8 7.O-O e6 8.d3 Nc6
9.Nc3 Be7 10.Bg5 O-O 11.Rac1 Qd7 12.h3 Rfc8 13.Rfd1 Bg6 14.e4 Na5 15.Qc2 d4
16.Bxf6 gxf6 17.Qa4 Qxa4 18.Nxa4 b5 19.b4 Nc6 20.Nc5 Nxb4 21.Nb3 e5 22.Ne1 Rxc1
23.Rxc1 Nxa2 24.Rc7 Bd8 25.Rb7 Bb6 26.f4 exf4 27.gxf4 Rc8 28.Bf3 Nc1 29.Nxc1
Rxc1 30.Kf2 b4 31.f5 b3 32.e5 Bxf5 33.exf6 b2 34.Bd5 Be6

[Event "13th Dubai open 2011"]
[Site "Dubai Chess club"]
[Date "2011.04.11"]
[Round "2"]
[Board "1"]
[White "Laxman, R R"]
[Black "Ambareesh,  P"]
[Result "1-0"]
[WhiteElo "2462"]
[BlackElo "1493"]
[PlyCount "43"]
[EventDate "2011.04.10"]
[EventRounds "9"]
[EventCountry "UAE"]

1.Nf3 d5 2.d4 Nf6 3.c4 c6 4.Qc2 Bg4 5.Nbd2 g6 6.e3 a6 7.Bd3 Bg7 8.h3 Be6 9.Ng5
O-O 10.Nxe6 fxe6 11.Nf3 b5 12.c5 a5 13.Ng5 Qd7 14.f4 Na6 15.Bd2 Nc7 16.h4 Qe8
17.O-O-O a4 18.h5 Nxh5 19.Rxh5 gxh5 20.Bxh7+ Kh8 21.Bg6 Qd8 22.Bf7

[Event "13th Dubai open 2011"]
[Site "Dubai Chess club"]
[Date "2011.04.11"]
[Round "2"]
[Board "1"]
[White "Sanal, Vahap"]
[Black "Roy, Chowdhury Saptarshi"]
[Result "1/2-1/2"]
[WhiteElo "2200"]
[BlackElo "2459"]
[PlyCount "64"]
[EventDate "2011.04.10"]
[EventRounds "9"]
[EventCountry "UAE"]

1.e4 c5 2.Nf3 Nc6 3.Nc3 g6 4.d4 cxd4 5.Nxd4 Bg7 6.Be3 Nf6 7.Bc4 O-O 8.Bb3 a5
9.a4 d6 10.h3 Nxd4 11.Bxd4 Bd7 12.O-O Bc6 13.Qd3 Nd7 14.Bxg7 Kxg7 15.Qd4+ Kg8
16.Nd5 Nc5 17.Rfe1 Rc8 18.Re3 e5 19.Qd2 Bxd5 20.Bxd5 Kg7 21.b3 Qb6 22.Rd1 f5
23.exf5 Rxf5 24.Bc4 Rf6 25.Qd5 Rcf8 26.Rd2 Na6 27.Bxa6 Rxf2 28.Rdd3 Qxa6 29.Qxd6
Qxd6 30.Rxd6 Rxc2 31.Rxe5 Rff2 32.Rg5 Kh6

[Event "13th Dubai open 2011"]
[Site "Dubai Chess club"]
[Date "2011.04.11"]
[Round "2"]
[Board "1"]
[White "Berg, Emanuel"]
[Black "Ramnath, Bhuvanesh"]
[Result "1-0"]
[WhiteElo "2612"]
[BlackElo "2425"]
[PlyCount "75"]
[EventDate "2011.04.10"]
[EventRounds "9"]
[EventCountry "UAE"]

1.d4 Nf6 2.c4 g6 3.g3 Bg7 4.Bg2 O-O 5.Nc3 d6 6.Nf3 c6 7.O-O Qb6 8.b3 e5 9.d5
cxd5 10.cxd5 Qd8 11.a4 Na6 12.Ba3 e4 13.Nd4 e3 14.f3 Nc5 15.a5 a6 16.b4 Ncd7
17.Qd3 Re8 18.f4 Qe7 19.h3 Nf8 20.Rf3 Bf5 21.Nxf5 gxf5 22.Qxf5 Ne4 23.Qxe4 Qxe4
24.Nxe4 Bxa1 25.Nxd6 Red8 26.Nf5 Re8 27.Nd6 Re7 28.Nf5 Ree8 29.Kh2 Bg7 30.Rf1
Rec8 31.Ne7+ Kh8 32.Nxc8 Rxc8 33.Rc1 Rxc1 34.Bxc1 Bc3 35.Ba3 Nd7 36.d6 b6 37.Bc6
Nb8 38.b5